Emerging Issues and Trends in Education: A Scholastic Perspective/ (Record no. 178526)

MARC details
000 -LEADER
fixed length control field 00764nam a22001937a 4500
005 - DATE AND TIME OF LATEST TRANSACTION
control field 20210405163221.0
010 ## - LCCN (DPL NO)
LC control number ENG-129366
020 ## - INTERNATIONAL STANDARD BOOK NUMBER
International Standard Book Number 978-81-949205-4-0
Terms of availability 750.00
035 ## - SYSTEM CONTROL NUMBER
System control number EN-112898
037 ## - SOURCE OF ACQUISITION
Source of stock number/acquisition DBAD/PUB
082 ## - DEWEY DECIMAL CLASSIFICATION NUMBER
Classification number 370
245 ## - TITLE STATEMENT
Title Emerging Issues and Trends in Education: A Scholastic Perspective/
Statement of responsibility, etc Edited by Ananthula Raghu and Arundhathi Yamsani
260 ## - PUBLICATION, DISTRIBUTION, ETC. (IMPRINT)
Name of publisher, distributor, etc Krishna Publication House
Place of publication, distribution, etc Gujrat
Date of publication, distribution, etc 2020
270 ## - ADDRESS
Address No. 303, Yash Kunj Apartment, Devbaug, Anantwadi, Bhavnagar
City Gujrat
Postal code 364002
Electronic mail address krishnapublication62@mail.com
300 ## - PHYSICAL DESCRIPTION
Extent v+242p.
Dimensions 21cm(pbk)
Other physical details including illustrations and bibliographical references.
700 ## - ADDED ENTRY--PERSONAL NAME
Personal name Raghu, Ananthula, Ed.
700 ## - ADDED ENTRY--PERSONAL NAME
Personal name Yamsani, Arundhathi, Ed.
942 ## - ADDED ENTRY ELEMENTS (KOHA)
Source of classification or shelving scheme Dewey Decimal Classification
Item type English Books
Classification part 370
Call number suffix EME
Holdings
Withdrawn status Lost status Not for loan Collection code Home library Current library Date acquired Source of acquisition Cost, normal purchase price Full call number Barcode Copy number Cost, replacement price Koha item type
      Non-fiction Shahdara Branch Shahdara Branch 05/04/2021 DBAD/PUB 750.00 370 EME EN-112898 1 750.00 English Books

© Delhi Public Library
Hit Counter
free hit counter